000 00539nam a2200181Ia 4500
003 OSt
005 20260325095543.0
008 211028s2006 xx 000 0 und d
040 _cAIMIT LIBRARY
041 _aeng
082 _a658.8 MIRA
100 _aMiranda, Anil;Shanbhag, Santhosh.
_g40911075
_95509
245 _aA study of consumer attitde and perception towards various mobile phone brands, in Mangalore /
260 _bShanbhag, Santhosh
_c2006
600 _aMarketing
_95510
650 _aMarketing
_95511
942 _2ddc
_cPRO
999 _c217928
_d217928